Tourism in India: An assessment of its policy and future planning (Record no. 393625)

MARC details
000 -LEADER
fixed length control field 00497nam a22001817a 4500
005 - DATE & TIME
control field 20251023113559.0
008 - FIXED-LENGTH DATA ELEMENTS--GENERAL INFORMATION
fixed length control field 251023b |||||||| |||| 00| 0 eng d
040 ## - CATALOGING SOURCE
Original cataloging agency VIVEKANANDA LIBRARY
082 ## - DDC NUMBER
Classification number 338.479154
Book Number N629T
100 ## - MAIN ENTRY--PERSONAL NAME
Personal name Niraj Kumar
245 ## - TITLE STATEMENT
Title Tourism in India: An assessment of its policy and future planning
260 ## - PUBLICATION, DISTRIBUTION, ETC. (IMPRINT)
Name of publisher, distributor, etc Department of IHTM, M D University, Rohtak
Date of publication, distribution, etc 2025
300 ## - PHYSICAL DESCRIPTION
Pages xx, 279
650 ## - Subject
Subject Tourism
650 ## - Subject
Subject India-Tourism
700 ## - Added Entry Personal Name
Added Entry Personal Name Dahiya, Ashish
942 ## - ADDED ENTRY ELEMENTS (KOHA)
Koha item type Thesis
Holdings
Withdrawn status Lost status Source of classification or shelving scheme Damaged status Not for loan Location (home branch) Sublocation or collection (holding branch) Shelving location Date acquired Koha issues (times borrowed) Koha full call number Accession No. Koha date last seen Copy number Koha item type
    Dewey Decimal Classification     VIVEKANANDA LIBRARY VIVEKANANDA LIBRARY Vivekananda Library 23/10/2025   338.479154 N629T 411247 23/10/2025 R Thesis
© Designed and Maintained by Vivekananda Library, MDU Rohtak